000 00639nam a2200217Ii 4500
003 JO-AjNU
008 230606s9999||||xx |||||||||||||| ||und||
020 _a978-9957-33-424-6
040 _aJO-AjNU
_beng
_erda
_cJO-AjNU
041 _aeng
050 1 4 _aTA705.2014
100 3 _aSHADID,OMAR S,
_eauthor
_93953
245 0 0 _aEngineering Geology in practic for Civil Engineers
250 _a1 ed
264 3 1 _aعمان: مؤسسة الوراق للنشر،2014
300 _a430p
336 _atext
_btxt
_2rdacontent
337 _aunmediated
_bn
_2rdamedia
338 _avolume
_bnc
_2rdacarrier
650 4 _aEngineering Geology
_93954
999 _aE2060
_c2059
_d2059